Представление документа в формате MARC21

Поле Инд. ПП Название Значение
Тип записи a
Библиографический уровень b
001 Контрольный номер RU/IS/BASE/264554042
005 Дата корректировки 20200522190626.3
008 Кодируемые данные 19970606
084 a Индекс другой классификации/Индекс ББК 63.3(2)-22
097 00 a 700
100 10 a Автор Неделин В.
q Полное имя Неделин Владимир
245 01 a Заглавие "А Болхов издали - картина!"
650 a Основная рубрика история
653 00 a Ключевые слова Болхов
a Ключевые слова города
a Ключевые слова история города
a Ключевые слова Орловская область
a Ключевые слова Россия
773 00 t Заглавие источника Памятники Отечества
d Дата издания источника 1995
g Прочая информация № 34 (3 - 4). - С. 94 - 97 : фотоил.
w Контрольный № источника RU/IS/BASE/142436424
901 t Тип документа b